Хладноломкость и предельная пластичность металлов в судостроении

Bibliografische gegevens
Hoofdauteur: Шевандин Е. М. Евгений Михайлович
Andere auteurs: Разов И. А. Игорь Александрович
Samenvatting:Исключено из фонда НТБ ТПУ
Taal:Russisch
Gepubliceerd in: Ленинград, Судостроение, 1965
Formaat: MixedMaterials Boek
KOHA link:https://koha.lib.tpu.ru/cgi-bin/koha/opac-detail.pl?biblionumber=339806

MARC

LEADER 00000nam0a2200000 4500
001 339806
005 20231101032904.0
035 |a (RuTPU)RU\TPU\book\366349 
090 |a 339806 
100 |a 20180129d1965 km y0rusy50 ca 
101 0 |a rus 
102 |a RU 
105 |a a z 001zy 
200 1 |a Хладноломкость и предельная пластичность металлов в судостроении  |f Е. М. Шевандин, И. А. Разов 
210 |a Ленинград  |c Судостроение  |d 1965 
215 |a 336 с.  |c ил. 
320 |a Библиогр.: с. 322-334 
333 |a Исключено из фонда НТБ ТПУ 
675 |a 629.12.002  |v 4 
700 1 |a Шевандин  |b Е. М.  |g Евгений Михайлович 
701 1 |a Разов  |b И. А.  |g Игорь Александрович 
801 1 |a RU  |b 63413507  |c 20180129 
801 2 |a RU  |b 63413507  |c 20220323  |g RCR 
942 |c BK